Webová aplikácia pre manažment skautských táborov

Gespeichert in:
Bibliographische Detailangaben
1. Verfasser: Singhofer, Tomáš (Verfasst von)
Weitere Verfasser: Behúl, Miroslav (Betreuung Doktorarbeit)
Format: Manuskript Buch
Sprache:Slowakisch
Veröffentlicht: Bratislava : STU v Bratislave FEI, 2023
Schlagworte:
Online-Zugang:https://opac.crzp.sk/?fn=detailBiblioFormChildA481N&sid=72C4190EA10FC8F71DD405D508EF&seo=CRZP-detail-kniha
Tags: Tag hinzufügen
Keine Tags, Fügen Sie das erste Tag hinzu!

MARC

LEADER 00000ntm a22000003a 4500
001 stuzp91945
003 SK-STU
005 20241219111008.0
007 ta
008 150427s2015----xo-----f-mn---000-0-slo-d
040 |a STU  |b slo 
041 0 |a slo 
044 |a xo 
100 1 |a Singhofer, Tomáš  |u 033000  |4 aut  |U FEI Fakulta elektrotechniky a informatiky  |T FEI Ústav elektroniky a fotoniky  |X 97930  |U E030  |Y 549  |7 97930 
242 0 1 |a Web application for management of scout camps  |y eng 
245 1 0 |a Webová aplikácia pre manažment skautských táborov 
260 |a Bratislava :  |b STU v Bratislave FEI,  |c 2023 
300 |a 62 s. 
650 4 |a Skauting  |2 slo 
650 4 |a tábor  |2 slo 
650 4 |a manažment  |2 slo 
650 4 |a webová aplikácia  |2 slo 
650 4 |a managment  |2 eng 
650 4 |a Scouting  |2 eng 
650 4 |a camp  |2 eng 
650 4 |a web application  |2 eng 
700 1 |a Behúl, Miroslav  |u 033000  |k Z2  |4 ths  |U FEI Fakulta elektrotechniky a informatiky  |T FEI Ústav elektroniky a fotoniky  |X 64202  |U E030  |Y 549  |7 A000064202 
856 4 |u https://opac.crzp.sk/?fn=detailBiblioFormChildA481N&sid=72C4190EA10FC8F71DD405D508EF&seo=CRZP-detail-kniha